[Event "Arvier Amatori op 3rd"]
[Site "Arvier"]
[Date "2013.01.05"]
[Round "6"]
[White "Gennaro, Isabella"]
[Black "Triglia, Guglielmo"]
[Result "1-0"]
[WhiteElo "1658"]
[BlackElo "1413"]
[PlyCount "45"]
[EventDate "2013.01.02"]
[EventType "swiss"]
[EventRounds "7"]
[EventCountry "ITA"]
[SourceTitle "EXT 2014"]
[Source "ChessBase"]
[SourceDate "2013.11.20"]
[SourceVersion "1"]
[SourceVersionDate "2013.11.20"]
[SourceQuality "1"]

1. e4 c6 2. d4 d5 3. Nd2 dxe4 4. Nxe4 Qd5 5. Ng3 Nf6 6. Nf3 Bg4 7. Be2 Ne4 8. Nxe4 Qxe4 9. 0-0 Bxf3 10. Bxf3 Qf5 11. Re1 e6 12. d5 cxd5 13. Bxd5 Nc6 14. Bxc6+ bxc6 15. Be3 Bc5 16. g4 Qe5 17. Qf3 Bxe3 18. Qxc6+ Ke7 19. Rxe3 Qxb2 20. Qc7+ Kf6 21. Rf3+ Kg6 22. Qxf7+ Kg5 23. Qh5# 1-0

[Event "Arvier Amatori op 3rd"]
[Site "Arvier"]
[Date "2013.01.03"]
[Round "2"]
[White "Triglia, Guglielmo"]
[Black "Benazzo, Angelo"]
[Result "0-1"]
[WhiteElo "1413"]
[BlackElo "1701"]
[PlyCount "74"]
[EventDate "2013.01.02"]
[EventType "swiss"]
[EventRounds "7"]
[EventCountry "ITA"]
[SourceTitle "EXT 2014"]
[Source "ChessBase"]
[SourceDate "2013.11.20"]
[SourceVersion "1"]
[SourceVersionDate "2013.11.20"]
[SourceQuality "1"]

1. e4 c5 2. Nf3 d6 3. Nc3 Nf6 4. Bc4 e6 5. d3 Be7 6. 0-0 0-0 7. Bg5 Nbd7 8. Re1 Ne5 9. b3 a6 10. d4 Nxc4 11. bxc4 cxd4 12. Nxd4 Qa5 13. Bd2 Qc7 14. Qe2 Re8 15. e5 dxe5 16. Qxe5 Bd6 17. Qg5 h6 18. Qh4 Qxc4 19. g3 Bd7 20. Nde2 Qxh4 21. gxh4 Rac8 22. Rab1 b5 23. Nd4 Bc5 24. Be3 Ng4 25. h3 Ne5 26. a4 Bxd4 27. Bxd4 Nf3+ 28. Kf1 Nxd4 29. Red1 Rxc3 30. Rxd4 Bc6 31. axb5 axb5 32. Rd6 Rxc2 33. f4 Ra8 34. Ke1 Raa2 35. Kd1 Rh2 36. Kc1 Rac2+ 37. Kd1 Bf3+ 0-1